[Event "POL-chT4 Kujawsko-Pomorskie 1516"]
[Site "Poland"]
[Date "2016.03.20"]
[Round "10"]
[White "Szatkowski, Pawel"]
[Black "Bassa, Jaroslaw"]
[Result "1/2-1/2"]
[WhiteElo "1271"]
[BlackElo "1663"]
[PlyCount "76"]
[EventDate "2015.11.08"]
[EventType "team-tourn"]
[EventRounds "11"]
[EventCountry "POL"]
[SourceTitle "EXT 2019"]
[Source "ChessBase"]
[SourceDate "2018.10.10"]
[SourceVersion "1"]
[SourceVersionDate "2018.10.10"]
[SourceQuality "1"]

1. e4 e6 2. d4 d5 3. exd5 exd5 4. Bd3 Bd6 5. Nf3 Bg4 6. Bg5 f6 7. Bh4 Qe7+ 8. Qe2 Qxe2+ 9. Bxe2 Ne7 10. 0-0 Nf5 11. Bg3 Nxg3 12. hxg3 Nd7 13. Re1 Kf7 14. Ng5+ fxg5 15. Bxg4 Nf8 16. a3 c6 17. Nd2 h5 18. Bd1 Ne6 19. c3 Rae8 20. Nf3 h4 21. gxh4 gxh4 22. Ne5+ Bxe5 23. Rxe5 g6 24. Bg4 Nc7 25. Rae1 Rxe5 26. Rxe5 Ne8 27. b3 Ng7 28. f4 Kf6 29. c4 Rd8 30. cxd5 cxd5 31. Bf3 Nf5 32. Rxd5 Rxd5 33. Bxd5 Nxd4 34. Kf2 b6 35. a4 Kf5 36. Ke3 Nc2+ 37. Kf3 Nd4+ 38. Ke3 Nc2+ 1/2-1/2

[Event "POL-chT4 Kujawsko-Pomorskie 1516"]
[Site "Poland"]
[Date "2016.02.28"]
[Round "8"]
[White "Bartoszewski Reiski, Olaf"]
[Black "Bassa, Jaroslaw"]
[Result "0-1"]
[WhiteElo "1425"]
[BlackElo "1663"]
[PlyCount "76"]
[EventDate "2015.11.08"]
[EventType "team-tourn"]
[EventRounds "11"]
[EventCountry "POL"]
[SourceTitle "EXT 2019"]
[Source "ChessBase"]
[SourceDate "2018.10.10"]
[SourceVersion "1"]
[SourceVersionDate "2018.10.10"]
[SourceQuality "1"]

1. e4 e6 2. Nf3 d5 3. Nc3 a6 4. d4 Nf6 5. e5 Nfd7 6. Bd3 c5 7. dxc5 Nc6 8. Bf4 Bxc5 9. 0-0 Be7 10. Bg3 Nc5 11. a3 Nxd3 12. cxd3 0-0 13. d4 Bd7 14. Rc1 Na5 15. Nd2 Rc8 16. Qe2 Qb6 17. Nf3 Nb3 18. Rcd1 Na5 19. Rfe1 Bxa3 20. Nxd5 exd5 21. bxa3 Nc4 22. Rb1 Qc6 23. Rec1 b5 24. Nd2 Bf5 25. Rb3 Qd7 26. Rbc3 Nxa3 27. Nb3 Rxc3 28. Rxc3 Nc4 29. Nc5 Qc6 30. Qa2 Ra8 31. Nb3 Qb6 32. f3 a5 33. Be1 a4 34. Nc5 h6 35. Rc1 b4 36. Nxa4 Qb5 37. Ra1 b3 38. Nc3 Rxa2 0-1

[Event "POL-chT4 Kujawsko-Pomorskie 1516"]
[Site "Poland"]
[Date "2015.11.08"]
[Round "1"]
[White "Bassa, Jaroslaw"]
[Black "Bieluszewski, Henryk"]
[Result "1/2-1/2"]
[WhiteElo "1663"]
[BlackElo "1779"]
[PlyCount "70"]
[EventDate "2015.11.08"]
[EventType "team-tourn"]
[EventRounds "11"]
[EventCountry "POL"]
[SourceTitle "EXT 2019"]
[Source "ChessBase"]
[SourceDate "2018.10.10"]
[SourceVersion "1"]
[SourceVersionDate "2018.10.10"]
[SourceQuality "1"]

1. d4 d5 2. Nf3 Nf6 3. Nbd2 c6 4. b3 b6 5. Bb2 e6 6. e3 Bb7 7. Bd3 Nbd7 8. 0-0 Be7 9. Ne5 a5 10. a4 Qc7 11. Ndf3 Ba6 12. Bxa6 Rxa6 13. Qd3 Ra8 14. c4 Nxe5 15. Nxe5 Nd7 16. Nxd7 Qxd7 17. e4 dxe4 18. Qxe4 0-0 19. Rad1 Rad8 20. Rd3 Bf6 21. Rfd1 Rfe8 22. Ba3 Be7 23. Bb2 Bd6 24. Bc1 Bb8 25. Rh3 g6 26. Bg5 f5 27. Qd3 Rc8 28. Kf1 Qf7 29. d5 exd5 30. cxd5 cxd5 31. Qxd5 Qxd5 32. Rxd5 h5 33. Rhd3 Be5 34. f4 Bb8 35. Rd7 Rc1+ 1/2-1/2

[Event "POL-chT4 Kujawsko Pomorskie 1011"]
[Site "Poland"]
[Date "2011.03.13"]
[Round "8.42"]
[White "Szala, Jan"]
[Black "Bassa, Jaroslaw"]
[Result "1/2-1/2"]
[WhiteElo "1407"]
[BlackElo "1693"]
[PlyCount "56"]
[EventDate "2010.11.07"]
[EventType "team-swiss"]
[EventRounds "10"]
[EventCountry "POL"]
[SourceTitle "EXT 2019"]
[Source "ChessBase"]
[SourceDate "2018.10.10"]
[SourceVersion "1"]
[SourceVersionDate "2018.10.10"]
[SourceQuality "1"]

1. d4 d5 2. c4 e6 3. Nc3 Nf6 4. Bg5 Be7 5. e3 0-0 6. Nf3 a6 7. cxd5 exd5 8. Be2 Bf5 9. 0-0 Nbd7 10. h3 h6 11. Bh4 Re8 12. a3 c6 13. b4 Ne4 14. Bxe7 Qxe7 15. Na4 a5 16. Nc5 axb4 17. axb4 Nc3 18. Qd2 Nxe2+ 19. Qxe2 Nb6 20. b5 Nc4 21. bxc6 bxc6 22. Nd2 Nxd2 23. Qxd2 Qg5 24. Kh2 Qf6 25. Kg1 Qg6 26. Kh2 Qd6+ 27. Kg1 Qg6 28. Kh2 Qd6+ 1/2-1/2

[Event "POL-chT4 Kujawsko Pomorskie 1011"]
[Site "Poland"]
[Date "2010.11.07"]
[Round "1.32"]
[White "Borchardt, Marcin"]
[Black "Bassa, Jaroslaw"]
[Result "1-0"]
[WhiteElo "1788"]
[BlackElo "1693"]
[PlyCount "114"]
[EventDate "2010.11.07"]
[EventType "team-swiss"]
[EventRounds "10"]
[EventCountry "POL"]
[SourceTitle "EXT 2019"]
[Source "ChessBase"]
[SourceDate "2018.10.10"]
[SourceVersion "1"]
[SourceVersionDate "2018.10.10"]
[SourceQuality "1"]

1. d4 e6 2. c4 d5 3. Nc3 Nf6 4. e3 Nbd7 5. Nf3 c6 6. Bd3 Be7 7. 0-0 0-0 8. b3 Re8 9. Bb2 Bf8 10. Ne5 g6 11. Qc2 Nxe5 12. dxe5 Ng4 13. Nd1 Bg7 14. f4 f6 15. Qe2 Nh6 16. exf6 Bxf6 17. Qc2 Kg7 18. Nf2 e5 19. Rae1 e4 20. Be2 Be6 21. g4 Bxb2 22. Qxb2+ Kg8 23. h3 Qb6 24. Qc3 Rf8 25. Kg2 Rae8 26. Nh1 Qd8 27. Ng3 Qe7 28. Rd1 Qg7 29. Rc1 Re7 30. Qxg7+ Kxg7 31. cxd5 Bxd5 32. Rfd1 Nf7 33. Bc4 Rd8 34. Rd4 Red7 35. Rcd1 b5 36. Bxd5 Rxd5 37. Nxe4 Rxd4 38. Rxd4 Rxd4 39. exd4 Nd8 40. Nc5 Kf7 41. Kf3 Kf6 42. Ke4 Nf7 43. Nd7+ Ke7 44. Nb8 Kd6 45. Na6 h6 46. Nc5 Ke7 47. Nd3 Nd6+ 48. Ke3 a5 49. Ne5 a4 50. Nxg6+ Ke6 51. Ne5 Nb7 52. b4 Kd5 53. g5 hxg5 54. fxg5 Nd6 55. g6 Nf5+ 56. Kd3 Nxd4 57. g7 Kxe5 1-0

[Event "POL-chT3 Kujawsko Pomorskie 0809"]
[Site "Poland"]
[Date "2009.03.29"]
[Round "11.19"]
[White "Bassa, Jaroslaw"]
[Black "Lewandowski, Krzysztof"]
[Result "0-1"]
[WhiteElo "1747"]
[BlackElo "2163"]
[PlyCount "92"]
[EventDate "2008.11.09"]
[EventType "team-tourn"]
[EventRounds "11"]
[EventCountry "POL"]
[SourceTitle "EXT 2019"]
[Source "ChessBase"]
[SourceDate "2018.10.10"]
[SourceVersion "1"]
[SourceVersionDate "2018.10.10"]
[SourceQuality "1"]

1. d4 Nf6 2. c4 g6 3. Nc3 Bg7 4. e4 d6 5. Be2 0-0 6. Be3 c5 7. d5 b5 8. cxb5 a6 9. Qc2 axb5 10. Bxb5 Qa5 11. Bd2 Na6 12. Bxa6 Bxa6 13. Nge2 Ng4 14. 0-0 Ne5 15. a4 Bd3 16. Qc1 Qa6 17. Re1 Bc4 18. Qc2 Nd3 19. Reb1 Nb4 20. Qd1 Bd3 21. Rc1 Bxe2 22. Nxe2 Bxb2 23. Bh6 Rfb8 24. Rcb1 Bxa1 25. Rxa1 Qd3 26. Qxd3 Nxd3 27. g3 Rb2 28. Kf1 Nb4 29. Nc3 f6 30. Be3 Nc2 31. Nd1 Rb4 32. Ra2 Nxe3+ 33. Nxe3 Raxa4 34. Rxa4 Rxa4 35. f3 Ra2 36. h4 Kf7 37. g4 Ke8 38. h5 Kd7 39. hxg6 hxg6 40. Ng2 Rxg2 41. Kxg2 Kc7 42. Kf2 Kb6 43. Ke2 Kb5 44. f4 Kc4 45. Ke3 Kb3 46. e5 c4 0-1

[Event "POL-chT Region 0607"]
[Site "Poland"]
[Date "2007.03.18"]
[Round "10"]
[White "Bassa, Jaroslaw"]
[Black "Bieganowski, Roman"]
[Result "0-1"]
[WhiteElo "2000"]
[BlackElo "1972"]
[PlyCount "100"]
[EventDate "2006.11.12"]
[EventType "team"]
[EventRounds "11"]
[EventCountry "POL"]
[SourceTitle "EXT 2008"]
[Source "ChessBase"]
[SourceDate "2007.11.25"]
[SourceVersion "1"]
[SourceVersionDate "2007.11.25"]
[SourceQuality "1"]

1. d4 Nf6 2. c4 g6 3. Nc3 d5 4. cxd5 Nxd5 5. e4 Nxc3 6. bxc3 Bg7 7. Nf3 c5 8. Be3 Qa5 9. Bd2 0-0 10. Qc2 Nc6 11. Rb1 Qc7 12. d5 Ne5 13. Nxe5 Bxe5 14. g3 e6 15. c4 Re8 16. Bg2 exd5 17. cxd5 b6 18. 0-0 f5 19. Qc4 Qd6 20. Rfe1 fxe4 21. Bxe4 Bb7 22. Bg2 Rad8 23. Qa4 a6 24. Bg5 b5 25. Qa5 Ra8 26. Qd2 b4 27. Rbc1 a5 28. Rxe5 Qxe5 29. Rxc5 Qe1+ 30. Bf1 Ba6 31. Rc1 Qxd2 32. Bxd2 Bxf1 33. Kxf1 Rac8 34. Rd1 Rcd8 35. Be3 Re5 36. d6 Rd7 37. Bb6 Kf7 38. f4 Rb5 39. Bc7 a4 40. Ke2 Rb7 41. Rb1 b3 42. axb3 axb3 43. Rb2 Ke6 44. Ke3 Kf5 45. h3 h5 46. Kf3 Ke6 47. g4 Kd5 48. g5 Kc4 49. Ke4 Kc3 50. Rf2 b2 0-1

[Event "POL-chT Region 0607"]
[Site "Poland"]
[Date "2007.02.04"]
[Round "7"]
[White "Grzelak, Jaroslaw"]
[Black "Bassa, Jaroslaw"]
[Result "1/2-1/2"]
[WhiteElo "1834"]
[BlackElo "2000"]
[PlyCount "81"]
[EventDate "2006.11.12"]
[EventType "team"]
[EventRounds "11"]
[EventCountry "POL"]
[SourceTitle "EXT 2008"]
[Source "ChessBase"]
[SourceDate "2007.11.25"]
[SourceVersion "1"]
[SourceVersionDate "2007.11.25"]
[SourceQuality "1"]

1. e4 e6 2. d4 d5 3. Nd2 Nf6 4. e5 Nfd7 5. Ne2 c5 6. Nf3 Nc6 7. c3 Be7 8. Ng3 cxd4 9. cxd4 Qa5+ 10. Bd2 Bb4 11. Bd3 Bxd2+ 12. Qxd2 Qxd2+ 13. Kxd2 Nb6 14. Rac1 Bd7 15. Ne2 0-0 16. Nc3 a6 17. Nd1 Rac8 18. Ne3 Nb4 19. Bb1 Nc4+ 20. Nxc4 dxc4 21. a3 Nd5 22. Ng5 g6 23. Ne4 b5 24. Nc5 Bc6 25. f3 Rfd8 26. Ne4 Rc7 27. Nd6 Nb6 28. h4 Nc8 29. Nxc8 Rcxc8 30. Ke3 a5 31. Rhd1 Bd5 32. g4 Rb8 33. Be4 b4 34. Rb1 bxa3 35. bxa3 Rb3+ 36. Rxb3 cxb3 37. Bxd5 exd5 38. a4 Rc8 39. Kd3 Rc4 40. Rb1 Rxa4 41. Rxb3 1/2-1/2

[Event "POL-chT Region 0607"]
[Site "Poland"]
[Date "2006.11.19"]
[Round "2"]
[White "Strzemkowski, Wlodzimierz"]
[Black "Bassa, Jaroslaw"]
[Result "0-1"]
[WhiteElo "2200"]
[BlackElo "2000"]
[PlyCount "108"]
[EventDate "2006.11.12"]
[EventType "team"]
[EventRounds "11"]
[EventCountry "POL"]
[SourceTitle "EXT 2008"]
[Source "ChessBase"]
[SourceDate "2007.11.25"]
[SourceVersion "1"]
[SourceVersionDate "2007.11.25"]
[SourceQuality "1"]

1. e4 e6 2. d4 d5 3. e5 c5 4. dxc5 Nc6 5. Nf3 Bxc5 6. Bd3 Nge7 7. 0-0 Bd7 8. c3 a5 9. Qe2 Qc7 10. Bf4 d4 11. Nbd2 Nd5 12. Bg3 dxc3 13. Ne4 cxb2 14. Qxb2 Be7 15. Nd6+ Kf8 16. Rac1 Qb6 17. Qxb6 Nxb6 18. Nxb7 Rb8 19. Nd6 Bxd6 20. exd6 f6 21. Be4 Nd5 22. Rfd1 Ncb4 23. Rd2 Kf7 24. a3 Rhc8 25. Re1 Nc3 26. axb4 axb4 27. h4 b3 28. Bb1 b2 29. Kh2 Rc4 30. Be5 Na4 31. Rc2 Rbc8 32. Rxb2 Nxb2 33. Bxb2 Rb4 34. Bd4 Bc6 35. Ba2 Bd7 36. Be3 Ra8 37. Rb1 Rxb1 38. Bxb1 Ra6 39. Bxh7 Rxd6 40. h5 Rc6 41. g4 Rc8 42. Kg3 Bc6 43. Bg6+ Kg8 44. Nd4 Bd5 45. Ne2 e5 46. Ng1 Be6 47. Nh3 Rc4 48. f3 Rc3 49. Kf2 Rc2+ 50. Kg3 Rc3 51. Bf2 Rc2 52. Be1 Rc1 53. Bf2 Rc2 54. Bg1 Rc1 0-1